书目信息 |
| 题名: |
临床元素化学
|
|
| 作者: | 祁嘉义 主编 | |
| 分册: | ||
| 出版信息: | 北京 化学工业出版社 2000.4 |
|
| 页数: | 235页 | |
| 开本: | 20cm | |
| 丛书名: | ||
| 单 册: | ||
| 中图分类: | R362 | |
| 科图分类: | ||
| 主题词: | 人体--微量元素--病理生物化学 | |
| 电子资源: | ||
| ISBN: | 7-5025-2768-0 | |
| 000 | 00556nam0 2200193 45 | |
| 001 | 0112100847 | |
| 005 | 20031219104051.8 | |
| 010 | @a7-5025-2768-0@dCNY20.00 | |
| 100 | @a20011210d2000 km y0chiy0120 ea | |
| 101 | 0 | @achi |
| 105 | @a z 000yy | |
| 200 | 1 | @a临床元素化学@ALin Chuang Yuan Su Hua Xue@f祁嘉义主编@FQi Jia Yi Zhu Bian |
| 210 | @a北京@c化学工业出版社@d2000.4 | |
| 215 | @a235页@d20cm | |
| 606 | 0 | @a人体@x微量元素@x病理生物化学 |
| 690 | @aR362@v4 | |
| 701 | 0 | @a祁嘉义@4主编 |
| 801 | @aCN@bTSTC@c20011210 | |
| 905 | @f5@b301291-295@dR362@e65 | |
| 临床元素化学/祁嘉义主编.-北京:化学工业出版社,2000.4 |
| 235页;20cm |
| ISBN 7-5025-2768-0:CNY20.00 |
| ● |
| 相关链接 |
|
|
|
|
正题名:临床元素化学
索取号:R362/65
 
预约/预借
| 序号 | 登录号 | 条形码 | 馆藏地/架位号 | 状态 | 备注 |
| 1 | 0301291 | 203012916 | 教育系资料室/ [索取号:R362/65] | 在馆 | |
| 2 | 0301292 | 203012925 | 第三借阅区/ [索取号:R362/65] | 在馆 | |
| 3 | 0301293 | 203012934 | 教育系资料室/ [索取号:R362/65] | 在馆 | |
| 4 | 0301294 | 203012943 | 第三借阅区/ [索取号:R362/65] | 在馆 | |
| 5 | 0301295 | 203012952 | 第二样本阅览室/ [索取号:R362/65] | 在馆 |